00440nam a22001457a 4500008004100000040005500041080001800096100002100114245006100135260003800196300001000234650002100244942001200265999001700277230403b |||||||| |||| 00| 0 eng d aNational Science LibrarycNational Science Library aD 681.324bN8 aLehnert, Wendy G aBeginners's guide to the internet and the world wide web aEngland: bAddison Wesley, 61998 a534p. aComputer science 2udccBK c18089d18089